O casamento suspeitoso (Record no. 57938)

MARC details
000 -LÍDER
campo de controle de tamanho fixo 00347 a2200157 4500
001 - NÚMERO DE CONTROLE
campo de controle 57938
020 ## - ISBN - INTERNATIONAL STANDARD BOOK NUMBER
ISBN - International Standard Book Number 9788503007177
040 ## - FONTE DA CATALOGAÇÃO
Instituição que transcreveu o registro Anchieta - Pituba
100 ## - ENTRADA PRINCIPAL--NOME PESSOAL
Nome pessoal Suassuna, Adriano
240 10 - TÍTULO UNIFORME
Título uniforme O casamento suspeitoso
Idioma da obra por
245 10 - TÍTULO
Título O casamento suspeitoso
300 ## - DESCRIÇÃO FÍSICA
Extensão 125
362 0# - DATAS DE PUBLICAÇÃO E/OU DESIGNAÇÃO SEQUENCIAL
Datas de publicação e/ou designação sequencial 2007
650 #4 - ASSUNTO--TERMO TÓPICO
Cabeçalho tópico ou nome geográfico Drama brasileiro
942 ## - ELEMENTOS DE ENTRADA ADICIONADOS (KOHA)
Tipo de material Koha Livros
Holdings
Situação do descarte Situação das perdas Situação física Não pode ser emprestado Biblioteca de origem Biblioteca atual Data de aquisição Total de empréstimos Número de chamada completo Código de barras Data de último acesso Data do preço efetivo Tipo de material Koha Fonte da classificação ou esquema de arquivamento na estante
        Canadian School of Niterói - Piratininga Canadian School of Niterói - Piratininga 09/02/2024   SUA A09154 09/02/2024 09/02/2024 Livros  
        Colégio Anchieta - Pituba Colégio Anchieta - Pituba 21/11/2023   869.92 S939c SUA CAS 8179/PIT 21/11/2023 21/11/2023 Livros  
        Colégio Anchieta - Pituba Colégio Anchieta - Pituba 21/11/2023   869.92 S939c SUA CAS 8180/PIT 21/11/2023 21/11/2023 Livros  
        Colégio Anchieta - Pituba Colégio Anchieta - Pituba 21/11/2023   869.92 S939c SUA CAS 8181/PIT 21/11/2023 21/11/2023 Livros  
        Leonardo Da Vinci - Osasco Leonardo Da Vinci - Osasco 04/03/2026   869.92 S933c ex.1 O020391 04/03/2026 04/03/2026 Livros Classificação Decimal de Dewey